000 00728nam a2200217 4500
001 139980
003 ES-MaACL
005 20250526063009.0
007 t|
008 070214s1905 fr r ||||1| fre d
100 1 _aSchopenhauer, Arthur,
_d1788-1860
_9240710
245 1 0 _aEcrivains et style /
_cArthur Schopenhauer ; avec préface et notes par Auguste Dietrich.
250 _apremiére traduction française.
260 _aParis :
_bFélix Alcan,
_c1905.
300 _a189 p. ;
_c19 cm.
490 1 _aBibliotheque de Philosophie contemporaine
700 1 _aDietrich, Auguste.
_944621
830 0 _aBibliotheque de Philosophie contemporaine
_9181027
852 _aES-MaACL
_jF-11667
999 _c139980
_d139980